| 000 | 00657nam a2200229Ia 4500 | ||
|---|---|---|---|
| 005 | 20250508160604.0 | ||
| 008 | 008 250505s9999 xx 000 0 eng d | ||
| 037 | _aTextual | ||
| 040 |
_aFEDL _beng _cFEDL |
||
| 041 |
_aeng _2eng |
||
| 084 |
_a150, HAA _qFEDL |
||
| 100 |
_aHaas Kurt _988910 |
||
| 245 | 0 | _aUnderstanding adjustment and behavior | |
| 250 | _a2nd | ||
| 260 |
_aNew Jersey, USA _bPrentice-Hall _c1970 |
||
| 300 | _axiv,519p. | ||
| 365 |
_aUSD _b8.95 |
||
| 490 | _aPrentice-Hall series in clinical and social psychology and personality | ||
| 650 | _aPsychology | ||
| 942 |
_cTEXL _h150, HAA |
||
| 999 |
_c1365487 _d1365487 |
||